[Event "44th Badalona Open 2018"]
[Site "Badalona"]
[Date "2018.08.05"]
[Round "5"]
[White "Erden, Kadir"]
[Black "Diaz Camallonga, Carles"]
[Result "1/2-1/2"]
[WhiteElo "2250"]
[BlackElo "2445"]
[Annotator "TA"]
[PlyCount "142"]
[EventDate "2018.08.01"]
[EventType "swiss"]
[EventCountry "ESP"]
[SourceTitle "playchess.com"]
[Source "ChessBase"]
[SourceQuality "1"]

{[%evp 14,142,12,8,421,11,129,4,3,3,8,0,0,0,0,0,0,0,0,0,0,0,0,0,0,0,0,0,0,0,0,0,0,0,0,0,0,0,7,0,0,0,0,0,0,0,0,0,0,0,0,-389,6,0,0,0,0,0,6,6,6,6,6,0,6,0,6,0,0,0,0,0,0,0,0,0,6,0,0,0,0,0,6,0,6,0,6,0,0,0,6,0,6,0,6,6,6,0,145,145,145,0,0,-164,-158,-141,-136,-110,0,0,0,0,0,0,0,0,0,0,0,0,418,0,61,0,63,68,33,18,26,0,26]} 1. d4 e6 2. e4 d5 3. Nc3 Bb4 4. e5 c5 5. a3 Bxc3+ 6. bxc3 Qc7 7. Nf3 Bd7 8. Bd3 {LiveBook: 6 Games} Bb5 $146 {[%mdl 8192] C18: French: 3 Nc3 Bb4: Main line: 7 h4 and 7 Qg4} (8... Ne7 $11 {and Black stays safe.}) ({Predecessor:} 8... Ba4 9. dxc5 Nd7 10. O-O Nxc5 11. Nd4 Nxd3 12. Qxd3 Ne7 13. Qg3 O-O 14. Bg5 Kh8 15. Bxe7 Qxe7 16. f4 {½-½ (16) Sax,G (2511)-Brustman,A (2357) Deizisau 2003}) 9. O-O $2 (9. Bxb5+ $18 Nc6 10. dxc5) 9... Ba4 (9... Bxd3 $11 {keeps the balance.} 10. cxd3 (10. Qxd3 Ne7 $11) 10... Nd7) 10. Bd2 (10. Ng5 $16) 10... c4 $11 11. Be2 Nc6 12. g3 O-O-O 13. Nh4 f6 {[%cal Bf7f6,Bf6f5][%mdl 32]} 14. f4 Nge7 15. Bg4 f5 16. Be2 Rdf8 17. Be3 Nd8 18. Qd2 Nf7 19. Nf3 Qd7 20. Rab1 Nc6 21. h3 Rfg8 22. Kf2 g6 23. Rh1 h6 {[%cal Bh7h6,Bh6h5][%mdl 32]} 24. Rbg1 Qe7 25. h4 b5 26. Qc1 h5 27. Qb2 Nh6 {[#] White must now prevent ...Ng4+.} 28. Ke1 Ng4 29. Kd2 Kd7 30. Ra1 Rb8 31. Rhb1 Rb7 32. Ke1 $2 {[%mdl 8192]} (32. Bg1 $11) 32... Rhb8 $2 (32... Nxe3 $19 33. Rc1 Kc7) 33. Bg1 Kc8 34. Ng5 a5 35. Qc1 Nh6 36. Be3 Nf7 37. Nh3 Nh6 38. Ng5 Ra7 39. Qd2 Nd8 40. Bg1 Ng4 41. Rb2 Rbb7 42. Kf1 Qc7 43. Kg2 Qc6 44. Bf3 Nh6 45. Be3 Ng4 46. Bg1 Ra8 47. Bf2 Rab8 48. Rba2 Ra7 49. Rb2 Qe8 50. Bg1 Nh6 51. Be2 Ng8 52. Rab1 Rab7 53. Bf2 Ne7 54. Be1 Nec6 55. Ra2 b4 (55... Nf7 $11) 56. axb4 $16 axb4 57. cxb4 (57. Rxa4 $2 bxc3 58. Qxc3 Rxb1 $19) (57. Qe3 $16) 57... Nxb4 $11 58. Rxb4 $2 (58. Qxb4 $11 Rxb4 59. Bxb4) 58... Rxb4 $19 59. Qxb4 Rxb4 60. Bxb4 Bc6 (60... Qb5 $17 61. c3 Nc6 62. Nxe6 Nxb4 63. cxb4 Qxb4) 61. Kf2 Qd7 62. Ra5 Qb7 63. c3 Bb5 {[#] Threatens to win with ...Nc6.} 64. Ra2 Kd7 65. Bd1 Nc6 66. Bc5 Qc7 $2 {[%mdl 8192]} (66... Ba6 $1 $11) 67. Bd6 $2 (67. Ra8 $18) 67... Qd8 ({Better is} 67... Qb7 $11) 68. Bc5 (68. Be2 $14) 68... Na5 ({Black should play} 68... Qc7 $1 $11) 69. Nf7 $1 $14 {[%cal Rf7d8][%mdl 1024] White has compensation.} Qc7 70. Bd6 Qb6 71. Bc5 Qc7 {Precision: White = 43%, Black = 48%.} 1/2-1/2

[Event "44th Badalona Open 2018"]
[Site "Badalona"]
[Date "2018.08.05"]
[Round "5"]
[White "Kruijf, Caspar"]
[Black "Malonda Rey, Albert"]
[Result "1/2-1/2"]
[WhiteElo "1918"]
[BlackElo "1682"]
[Annotator "NA"]
[PlyCount "76"]
[EventDate "2018.08.01"]
[EventType "swiss"]
[EventCountry "ESP"]
[SourceTitle "playchess.com"]
[Source "ChessBase"]
[SourceQuality "1"]
[TimeControl "5400+30"]

1. e4 {[%emt 0:00:00]} e5 {[%emt 0:00:00]} 2. Nf3 {[%emt 0:00:00]} Nc6 {[%emt 0:00:00]} 3. Bc4 {[%emt 0:00:00]} Bc5 {[%emt 0:02:13]} 4. c3 {[%emt 0:00:00]} d6 {[%emt 0:02:18]} 5. d4 {[%emt 0:00:02]} exd4 {[%emt 0:00:46]} 6. cxd4 {[%emt 0:00:06]} Bb6 {[%emt 0:01:21]} 7. Nc3 {[%emt 0:05:09]} h6 {[%emt 0:02:48]} 8. h3 {[%emt 0:01:33]} Nge7 {[%emt 0:05:41]} 9. Be3 {[%emt 0:04:08]} Ng6 {[%emt 0:05:05]} 10. O-O {[%emt 0:02:10]} a6 {[%emt 0:05:31]} 11. Qc2 {[%emt 0:03:11]} Nce7 {[%emt 0:05:23]} 12. Rfe1 {[%emt 0:07:37]} O-O {[%emt 0:01:12]} 13. Rad1 {[%emt 0:07:13]} Kh8 {[%emt 0:06:23]} 14. Qd2 {[%emt 0:02:28]} Kh7 {[%emt 0:05:31]} 15. Bd3 {[%emt 0:04:44]} c6 {[%emt 0:03:37]} 16. e5 {[%emt 0:04:25]} Bf5 {[%emt 0:06:18]} 17. g4 {[%emt 0:14:05]} Bxd3 {[%emt 0:00:54]} 18. Qxd3 {[%emt 0:00:07]} f5 {[%emt 0:17:11]} 19. g5 {[%emt 0:19:01]} dxe5 {[%emt 0:07:38]} 20. dxe5 {[%emt 0:02:17]} Qxd3 {[%emt 0:00:42]} 21. Rxd3 {[%emt 0:00:06]} Bxe3 {[%emt 0:01:23]} 22. Rdxe3 {[%emt 0:01:13]} Nf4 {[%emt 0:01:41]} 23. Kh2 {[%emt 0:04:03]} Rad8 {[%emt 0:02:07]} 24. e6 {[%emt 0:02:39]} Rd6 {[%emt 0:03:01]} 25. gxh6 {[%emt 0:02:14]} Kxh6 {[%emt 0:01:06]} 26. Ne5 {[%emt 0:02:15]} Rd2 {[%emt 0:03:15]} 27. Nc4 {[%emt 0:04:47]} Rd4 {[%emt 0:02:07]} 28. Ne5 {[%emt 0:01:14]} Rf6 {[%emt 0:01:39]} 29. Nf7+ {[%emt 0:01:18]} Kh7 {[%emt 0:01:07]} 30. Ne2 {[%emt 0:01:44]} Nxe2 {[%emt 0:01:21]} 31. R3xe2 {[%emt 0:00:35]} b5 {[%emt 0:01:23]} 32. Ng5+ {[%emt 0:01:09]} Kh6 {[%emt 0:00:29]} 33. Nf7+ {[%emt 0:00:52]} Kh7 {[%emt 0:00:10]} 34. Ng5+ {[%emt 0:00:18]} Kh6 {[%emt 0:00:07]} 35. Nf7+ {[%emt 0:00:35]} Kh7 36. Ng5+ Kg6 37. Rg1 Kh5 38. Nf7 Rg6 1/2-1/2

[Event "44th Badalona Open 2018"]
[Site "Badalona"]
[Date "2018.08.05"]
[Round "5"]
[White "Ruiz"]
[Black "Mut Company, Guillem Joan"]
[Result "0-1"]
[WhiteElo "1773"]
[BlackElo "1898"]
[Annotator "NA"]
[PlyCount "92"]
[EventDate "2018.08.01"]
[EventType "swiss"]
[EventCountry "ESP"]
[SourceTitle "playchess.com"]
[Source "ChessBase"]
[SourceQuality "1"]
[TimeControl "5400+30"]

1. Nf3 {[%emt 0:00:00]} d5 {[%emt 0:00:00]} 2. g3 {[%emt 0:00:00]} Nf6 {[%emt 0:00:13]} 3. Bg2 {[%emt 0:00:00]} c6 {[%emt 0:02:42]} 4. d3 {[%emt 0:00:07]} Bf5 {[%emt 0:00:35]} 5. Nbd2 {[%emt 0:00:19]} h6 {[%emt 0:01:58]} 6. O-O {[%emt 0:00:16]} e6 {[%emt 0:00:30]} 7. e4 {[%emt 0:00:30]} Bh7 {[%emt 0:00:30]} 8. Qe2 {[%emt 0:00:30]} Be7 {[%emt 0:04:25]} 9. e5 {[%emt 0:00:28]} Nfd7 {[%emt 0:00:30]} 10. Re1 {[%emt 0:00:30]} O-O {[%emt 0:03:17]} 11. Nf1 {[%emt 0:01:52]} c5 {[%emt 0:03:38]} 12. Bf4 {[%emt 0:02:38]} Nc6 13. h3 {[%emt 0:00:30]} Rc8 {[%emt 0:11:24]} 14. h4 {[%emt 0:01:20]} Re8 {[%emt 0:06:30]} 15. N1h2 {[%emt 0:06:51]} Nb6 {[%emt 0:06:15]} 16. Ng4 {[%emt 0:00:30]} Bf8 {[%emt 0:00:30]} 17. Bxh6 {[%emt 0:05:45]} gxh6 {[%emt 0:04:54]} 18. Nf6+ {[%emt 0:00:25]} Kh8 19. Ng5 {[%emt 0:01:31]} Bg6 {[%emt 0:04:46]} 20. h5 {[%emt 0:00:25]} hxg5 {[%emt 0:08:02]} 21. hxg6 {[%emt 0:00:30]} fxg6 {[%emt 0:01:57]} 22. Qg4 {[%emt 0:06:34]} Bh6 {[%emt 0:10:19]} 23. f4 {[%emt 0:03:44]} Nd7 {[%emt 0:00:30]} 24. Nxe8 {[%emt 0:01:24]} Qxe8 {[%emt 0:00:22]} 25. Qh3 {[%emt 0:08:53]} Kg7 26. Kf2 {[%emt 0:00:27]} Nd4 {[%emt 0:06:16]} 27. Rh1 {[%emt 0:00:30]} Qh8 {[%emt 0:02:21]} 28. Bxd5 {[%emt 0:12:48]} Nxe5 {[%emt 0:02:20]} 29. fxe5 {[%emt 0:09:11]} Rf8+ {[%emt 0:01:39]} 30. Kg2 {[%emt 0:00:25]} exd5 31. Qd7+ {[%emt 0:01:16]} Rf7 {[%emt 0:01:11]} 32. Qxd5 {[%emt 0:00:30]} Nxc2 {[%emt 0:00:10]} 33. Qxc5 {[%emt 0:04:39]} Nxa1 {[%emt 0:00:30]} 34. e6 {[%emt 0:01:48]} Qf8 {[%emt 0:00:23]} 35. Qe5+ {[%emt 0:00:25]} Rf6 {[%emt 0:00:51]} 36. Rf1 {[%emt 0:01:30]} Qe7 {[%emt 0:01:40]} 37. Rxa1 {[%emt 0:03:10]} Qxe6 {[%emt 0:00:30]} 38. Qc7+ {[%emt 0:01:02]} Rf7 {[%emt 0:01:05]} 39. Qc3+ {[%emt 0:01:17]} Qf6 {[%emt 0:00:08]} 40. Qc2 {[%emt 0:00:57]} Qf3+ {[%emt 0:00:59]} 41. Kg1 {[%emt 0:00:09]} Qxg3+ {[%emt 0:00:58]} 42. Kh1 {[%emt 0:00:06]} Qh3+ {[%emt 0:01:06]} 43. Kg1 {[%emt 0:00:00]} g4 44. Qc3+ {[%emt 0:00:25]} Kh7 {[%emt 0:00:38]} 45. Re1 Be3+ 46. Rxe3 Rf1# 0-1

[Event "44th Badalona Open 2018"]
[Site "Badalona"]
[Date "2018.08.07"]
[Round "7"]
[White "Narciso Dublan, Marc"]
[Black "Grafl, Florian"]
[Result "1-0"]
[WhiteElo "2483"]
[BlackElo "2359"]
[Annotator "RC"]
[PlyCount "149"]
[EventDate "2018.08.01"]
[EventType "swiss"]
[EventCountry "ESP"]
[SourceTitle "playchess.com"]
[Source "ChessBase"]
[SourceQuality "1"]
[TimeControl "5400+30"]

1. d4 {[%emt 0:00:00]} g6 2. e4 {[%emt 0:01:19]} Bg7 {[%emt 0:00:00]} 3. Nf3 {[%emt 0:01:00]} d6 {[%emt 0:00:00]} 4. Be2 {[%emt 0:00:34]} Nf6 {[%emt 0:00:07]} 5. Nbd2 {[%emt 0:00:52]} O-O {[%emt 0:01:30]} 6. O-O {[%emt 0:00:10]} Nbd7 {[%emt 0:03:09]} 7. c3 {[%emt 0:08:43]} e5 {[%emt 0:02:47]} 8. dxe5 {[%emt 0:00:30]} dxe5 {[%emt 0:01:13]} 9. Qc2 b6 10. a4 {[%emt 0:10:35]} Bb7 {[%emt 0:11:42]} 11. b4 {[%emt 0:01:25]} a6 {[%emt 0:09:11]} 12. Ba3 {[%emt 0:03:46]} Nh5 13. Rfe1 Nf4 {[%emt 0:02:50]} 14. Bf1 {[%emt 0:03:35]} Qf6 {[%emt 0:02:52]} 15. Nc4 {[%emt 0:07:38]} Rfe8 {[%emt 0:01:47]} 16. Rad1 {[%emt 0:12:19]} Rad8 {[%emt 0:00:04]} 17. Bc1 {[%emt 0:04:12]} g5 {[%emt 0:25:52]} 18. g3 {[%emt 0:01:53]} Ne6 {[%emt 0:00:12]} 19. Bg2 b5 20. axb5 {[%emt 0:10:19]} axb5 {[%emt 0:16:04]} 21. Ne3 {[%emt 0:00:12]} Nb6 {[%emt 0:06:22]} 22. h4 h6 23. hxg5 {[%emt 0:13:41]} hxg5 {[%emt 0:00:34]} 24. Qe2 Rxd1 {[%emt 0:07:04]} 25. Rxd1 {[%emt 0:08:18]} Rd8 26. Ng4 {[%emt 0:02:01]} Rxd1+ {[%emt 0:03:07]} 27. Qxd1 Qd8 {[%emt 0:03:30]} 28. Qxd8+ {[%emt 0:00:39]} Nxd8 29. Nfxe5 {[%emt 0:03:16]} Ne6 {[%emt 0:02:30]} 30. f4 {[%emt 0:00:13]} gxf4 {[%emt 0:00:29]} 31. gxf4 {[%emt 0:00:04]} Nf8 32. Be3 {[%emt 0:03:44]} Na4 {[%emt 0:01:55]} 33. Bd2 f6 34. Nd3 {[%emt 0:00:43]} f5 {[%emt 0:00:22]} 35. exf5 {[%emt 0:00:35]} Bxg2 {[%emt 0:00:06]} 36. Kxg2 {[%emt 0:00:09]} Bxc3 {[%emt 0:00:02]} 37. Be3 {[%emt 0:02:01]} Nb2 {[%emt 0:00:11]} 38. Nxb2 Bxb2 {[%emt 0:00:02]} 39. Ne5 {[%emt 0:00:54]} Nh7 40. Bd2 {[%emt 0:01:45]} Nf6 {[%emt 0:01:12]} 41. Kf3 {[%emt 0:00:10]} Bd4 {[%emt 0:00:54]} 42. Nc6 {[%emt 0:02:47]} Bg1 {[%emt 0:01:47]} 43. Be1 {[%emt 0:00:28]} Kf7 {[%emt 0:00:52]} 44. Bh4 {[%emt 0:00:03]} Ne8 {[%emt 0:00:51]} 45. Nd8+ {[%emt 0:01:07]} Kg7 {[%emt 0:00:27]} 46. Be7 {[%emt 0:00:11]} Bb6 47. Ke4 {[%emt 0:00:28]} Nf6+ {[%emt 0:01:17]} 48. Ke5 {[%emt 0:00:04]} Ng4+ {[%emt 0:00:24]} 49. Ke6 Bd4 {[%emt 0:00:04]} 50. Nc6 {[%emt 0:00:40]} Bf6 {[%emt 0:00:34]} 51. Bxf6+ {[%emt 0:01:05]} Nxf6 52. Ne5 {[%emt 0:00:58]} Nh5 {[%emt 0:00:54]} 53. Nd3 {[%emt 0:00:08]} c6 {[%emt 0:00:44]} 54. Ke7 {[%emt 0:00:28]} Nf6 {[%emt 0:00:08]} 55. Kd6 {[%emt 0:01:01]} Ne4+ {[%emt 0:00:03]} 56. Ke5 {[%emt 0:00:40]} Nf6 57. Kd6 {[%emt 0:00:33]} Ne4+ {[%emt 0:00:48]} 58. Ke6 Nf6 59. Ne5 {[%emt 0:00:48]} Nd5 {[%emt 0:00:27]} 60. f6+ {[%emt 0:00:10]} Nxf6 {[%emt 0:00:08]} 61. Nxc6 {[%emt 0:00:00]} Nh5 {[%emt 0:01:48]} 62. Ke5 Nf6 63. Nd4 {[%emt 0:00:51]} Nd7+ {[%emt 0:01:03]} 64. Ke6 {[%emt 0:01:08]} Nf8+ 65. Kd6 {[%emt 0:00:26]} Kf6 {[%emt 0:00:10]} 66. Nxb5 Ne6 {[%emt 0:00:45]} 67. Nc3 {[%emt 0:01:15]} Nd4 {[%emt 0:00:33]} 68. Kd5 Ne6 {[%emt 0:00:21]} 69. Ke4 {[%emt 0:01:17]} Ke7 {[%emt 0:00:08]} 70. Ke5 {[%emt 0:00:09]} Nd8 {[%emt 0:00:28]} 71. b5 Nf7+ {[%emt 0:00:15]} 72. Kd5 {[%emt 0:00:32]} Kd7 {[%emt 0:00:03]} 73. b6 {[%emt 0:00:54]} Nd6 {[%emt 0:00:43]} 74. Ne4 {[%emt 0:00:10]} Nc8 {[%emt 0:00:04]} 75. Nc5+ {[%emt 0:00:18]} 1-0

[Event "44th Badalona Open 2018"]
[Site "Badalona"]
[Date "2018.08.07"]
[Round "7"]
[White "Oliva Castaneda, Kevel"]
[Black "Verstraeten, Reinaert"]
[Result "1/2-1/2"]
[WhiteElo "2478"]
[BlackElo "2303"]
[Annotator "ChessBase"]
[PlyCount "30"]
[EventDate "2018.08.01"]
[EventType "swiss"]
[EventCountry "ESP"]
[SourceTitle "playchess.com"]
[Source "ChessBase"]
[SourceQuality "1"]
[TimeControl "5400+30"]

1. d4 Nf6 {[%emt 0:00:00]} 2. Nf3 {[%emt 0:00:00]} g6 {[%emt 0:00:00]} 3. Bf4 {[%emt 0:00:05]} Bg7 {[%emt 0:00:04]} 4. e3 {[%emt 0:00:08]} O-O {[%emt 0:00:09]} 5. Be2 {[%emt 0:00:03]} d6 {[%emt 0:00:08]} 6. h3 {[%emt 0:00:10]} Nbd7 {[%emt 0:01:03]} 7. O-O {[%emt 0:00:24]} Ne4 {[%emt 0:13:07]} 8. a4 {[%emt 0:09:51]} e5 {[%emt 0:00:30]} 9. Bh2 {[%emt 0:00:06]} f5 {[%emt 0:15:16]} 10. Na3 {[%emt 0:09:36]} exd4 {[%emt 0:01:09]} 11. Nxd4 {[%emt 0:00:32]} Ne5 {[%emt 0:00:30]} 12. c3 {[%emt 0:00:26]} Qe7 {[%emt 0:01:40]} 13. a5 {[%emt 0:03:08]} a6 {[%emt 0:02:26]} 14. Nc4 {[%emt 0:11:53]} Kh8 {[%emt 0:03:42]} 15. Qc2 {[%emt 0:12:40]} Bd7 1/2-1/2

[Event "44th Badalona Open 2018"]
[Site "Badalona"]
[Date "2018.08.07"]
[Round "7"]
[White "Pulvett Marin, Daniel Eduardo"]
[Black "Gallego Alcaraz, Andres Felipe"]
[Result "1/2-1/2"]
[WhiteElo "2464"]
[BlackElo "2500"]
[Annotator "TA"]
[PlyCount "74"]
[EventDate "2018.08.01"]
[EventType "swiss"]
[EventCountry "ESP"]
[SourceTitle "playchess.com"]
[Source "ChessBase"]
[SourceQuality "1"]

{[%evp 20,74,24,23,21,25,30,21,45,58,53,35,48,50,72,48,46,52,52,38,41,40,44,6,35,37,19,29,83,76,54,52,62,11,27,16,26,0,0,0,0,0,0,-20,0,0,0,0,0,-18,0,-39,-35,-54,-12,-11,-25]} 1. d4 Nf6 2. c4 e6 3. Nf3 Bb4+ 4. Nbd2 b6 5. a3 Bxd2+ 6. Qxd2 a5 {E11: Bogo-Indian} (6... Bb7 7. e3 O-O 8. Be2 d6 9. O-O Nbd7 10. b3 Ne4 11. Qc2 f5 12. Ne1 Qe7 13. f3 Nef6 14. Bb2 c5 15. Rd1 Rad8 16. Nd3 e5 17. d5 b5 18. f4 bxc4 19. bxc4 exf4 20. Nxf4 Qxe3+ {1-0 (38) Aronian,L (2805)-Quparadze,G (2506) Riadh 2017}) 7. b3 Bb7 8. Bb2 d6 9. g3 Nbd7 10. Bg2 O-O 11. O-O {LiveBook: 27 Games} Qe7 12. Rad1 Be4 13. Bh3 Bxf3 14. exf3 d5 15. a4 Rfd8 $146 ({Predecessor:} 15... c5 16. Rfe1 cxd4 17. cxd5 Nxd5 18. Bxd4 {½-½ (43) Vezzosi,P (2340)-Schienmann,B (2245) Lugano 1989}) 16. Rfe1 c5 17. Qc2 Rac8 18. Ba3 Qe8 19. f4 cxd4 $1 20. Rxd4 Nb8 21. Qb2 dxc4 22. Rxc4 Rxc4 23. bxc4 Nbd7 (23... Qxa4 $11 {remains equal.} 24. Qxb6 Nc6) 24. f5 {[%cal Rf5e6]} e5 25. Qb5 e4 26. Bf1 (26. Bd6 $14) 26... Ne5 $11 27. Qxe8+ Rxe8 28. Rb1 Nfd7 29. Rb5 Rc8 30. Rd5 f6 31. Rd6 $1 Kf7 32. Kg2 g6 33. fxg6+ hxg6 34. Rd4 f5 35. Rd5 Rc6 36. g4 Ke6 37. gxf5+ gxf5 {Precision: White = 58%, Black = 52%.} 1/2-1/2

[Event "44th Badalona Open 2018"]
[Site "Badalona"]
[Date "2018.08.07"]
[Round "7"]
[White "Fluvia Poyatos, Jordi"]
[Black "Gorti, Akshita"]
[Result "1-0"]
[WhiteElo "2441"]
[BlackElo "2327"]
[Annotator "TA"]
[PlyCount "81"]
[EventDate "2018.08.01"]
[EventType "swiss"]
[EventCountry "ESP"]
[SourceTitle "playchess.com"]
[Source "ChessBase"]
[SourceQuality "1"]

{[%evp 23,81,23,17,20,21,19,19,13,22,11,11,0,9,12,11,14,22,12,14,10,13,19,54,46,49,58,43,41,49,44,59,63,126,101,144,144,167,167,362,359,525,544,756,735,764,764,764,764,763,764,742,734,741,741,741,741,733,734,734,714]} 1. e4 e6 2. d4 d5 3. e5 c5 4. c3 Nc6 5. Nf3 Bd7 6. Be2 Nge7 7. O-O Ng6 {[%cal Be7g6,Bg6h8,Bh8f7,Bf7g5][%mdl 32]} 8. g3 Be7 {C02: French: Advance Variation} 9. h4 cxd4 (9... O-O 10. h5 Nh8 11. h6 g6 12. c4 cxd4 13. cxd5 exd5 14. Na3 f6 15. exf6 Bxf6 16. Nb5 {0-1 (56) Grischuk,A (2750)-Carlsen,M (2832) chess.com INT 2017}) 10. cxd4 O-O 11. h5 Nh8 12. Nc3 f6 {LiveBook: 18 Games} 13. exf6 Bxf6 14. Re1 Nf7 15. Bf1 {[#]} Rc8 $146 ({Predecessor:} 15... Kh8 16. Bf4 Nxd4 17. Nxd4 {1-0 (46) Stevic,H (2611)-Prusikin,M (2532) Austria 2013}) 16. Bf4 Ng5 17. Ne5 Nxe5 18. dxe5 Be7 19. Qg4 h6 20. Bd3 Bc5 21. Re2 Qe7 22. Kg2 Bb4 23. Bxg5 hxg5 24. Nb5 Bc5 25. Nd4 Bxd4 26. Qxd4 Qf7 27. Qg4 $40 {[%mdl 128] Black needs to defend precisely.} Bc6 (27... Be8 $14) 28. f3 d4 29. Rf2 Bd5 30. Rh1 Qc7 $2 {[#]} (30... Qe7 {was necessary.} 31. h6 (31. Qxd4 Qc5 $14) 31... g6 32. Bxg6 (32. Qxd4 Qc5 $16) 32... Kh8) 31. h6 $1 $18 (31. Qxd4 Qb6 $14) 31... Qxe5 (31... g6 $142 32. Qxg5 (32. Qxd4 Qc5 $16) 32... Kh8) 32. hxg7 {White is clearly winning.} Qxg7 33. Rh5 Qf6 34. Rxg5+ Kf7 {[#]} 35. Rxd5 $1 {[%mdl 512]} exd5 36. Qd7+ Qe7 37. Qxd5+ Kg7 38. Re2 Qc5 39. Qe4 {Intending Qh7+ and mate.} Qh5 40. Qxd4+ Kg8 41. Bc4+ {Precision: White = 92%, Black = 46%.} 1-0

[Event "44th Badalona Open 2018"]
[Site "Badalona"]
[Date "2018.08.07"]
[Round "7"]
[White "Sturt, Raven M"]
[Black "Aguero Jimenez, Luis Lazaro"]
[Result "0-1"]
[WhiteElo "2437"]
[BlackElo "2482"]
[Annotator "RC"]
[PlyCount "94"]
[EventDate "2018.08.01"]
[EventType "swiss"]
[EventCountry "ESP"]
[SourceTitle "playchess.com"]
[Source "ChessBase"]
[SourceQuality "1"]
[TimeControl "5400+30"]

1. d4 {[%emt 0:00:00]} d5 {[%emt 0:00:00]} 2. Bf4 {[%emt 0:00:00]} Bf5 {[%emt 0:00:00]} 3. e3 {[%emt 0:03:30]} e6 4. Nf3 {[%emt 0:05:53]} Nf6 {[%emt 0:00:00]} 5. Bd3 {[%emt 0:00:54]} Ne4 {[%emt 0:00:00]} 6. O-O {[%emt 0:08:27]} Bd6 {[%emt 0:03:44]} 7. Bxd6 {[%emt 0:10:28]} cxd6 8. Ne1 Qb6 {[%emt 0:07:16]} 9. b3 {[%emt 0:00:47]} Bg6 10. c4 {[%emt 0:06:48]} dxc4 {[%emt 0:01:56]} 11. bxc4 {[%emt 0:08:14]} Nc6 {[%emt 0:20:46]} 12. Qc2 {[%emt 0:00:43]} Nb4 {[%emt 0:02:53]} 13. Qa4+ Ke7 {[%emt 0:00:01]} 14. Bxe4 {[%emt 0:10:37]} Bxe4 {[%emt 0:01:18]} 15. Nc3 {[%emt 0:04:23]} Bg6 {[%emt 0:02:47]} 16. Nb5 {[%emt 0:01:12]} Na6 {[%emt 0:03:54]} 17. Nf3 {[%emt 0:00:35]} Rhc8 {[%emt 0:02:32]} 18. Rac1 {[%emt 0:02:43]} Nc7 {[%emt 0:05:26]} 19. Na3 {[%emt 0:01:24]} Ne8 {[%emt 0:01:02]} 20. Rc3 {[%emt 0:01:38]} Qc6 {[%emt 0:06:00]} 21. Qa5 {[%emt 0:08:37]} b6 {[%emt 0:09:10]} 22. Qb4 {[%emt 0:02:15]} a5 23. Qb5 Qxb5 {[%emt 0:00:44]} 24. Nxb5 {[%emt 0:00:32]} Nc7 25. Na3 {[%emt 0:11:25]} Nd5 {[%emt 0:02:02]} 26. Rb3 {[%emt 0:00:16]} Nb4 {[%emt 0:02:57]} 27. Rb2 {[%emt 0:00:24]} Bd3 {[%emt 0:00:47]} 28. Rc1 {[%emt 0:00:55]} d5 29. c5 {[%emt 0:00:08]} bxc5 {[%emt 0:01:46]} 30. dxc5 {[%emt 0:04:10]} Rc7 {[%emt 0:03:15]} 31. Nd2 {[%emt 0:01:56]} Rac8 {[%emt 0:04:10]} 32. Nb3 a4 {[%emt 0:00:00]} 33. Nd4 {[%emt 0:01:09]} Rxc5 34. Rxc5 {[%emt 0:00:09]} Rxc5 {[%emt 0:00:43]} 35. f3 {[%emt 0:02:30]} Rc3 36. Nab5 {[%emt 0:00:04]} Bxb5 {[%emt 0:06:32]} 37. Rxb4 Bd7 {[%emt 0:00:00]} 38. Kf2 {[%emt 0:02:15]} e5 {[%emt 0:00:00]} 39. Ne2 {[%emt 0:01:06]} Rc2 {[%emt 0:00:00]} 40. a3 {[%emt 0:00:14]} Ra2 {[%emt 0:00:06]} 41. h3 {[%emt 0:00:59]} Rxa3 {[%emt 0:00:30]} 42. f4 Rb3 {[%emt 0:00:08]} 43. Rxb3 {[%emt 0:01:11]} axb3 {[%emt 0:01:08]} 44. Nc3 b2 45. Nxd5+ {[%emt 0:01:44]} Kd8 {[%emt 0:00:44]} 46. Nc3 {[%emt 0:00:04]} Bf5 {[%emt 0:00:26]} 47. e4 {[%emt 0:00:04]} Bxe4 {[%emt 0:00:04]} 0-1

[Event "44th Badalona Open 2018"]
[Site "Badalona"]
[Date "2018.08.07"]
[Round "7"]
[White "Naboka, Sergey"]
[Black "Munoz, Miguel"]
[Result "1/2-1/2"]
[WhiteElo "2341"]
[BlackElo "2475"]
[Annotator "ChessBase"]
[PlyCount "99"]
[EventDate "2018.08.01"]
[EventType "swiss"]
[EventCountry "ESP"]
[SourceTitle "playchess.com"]
[Source "ChessBase"]
[SourceQuality "1"]
[TimeControl "5400+30"]

1. e4 {[%emt 0:00:00]} c5 {[%emt 0:00:00]} 2. Nf3 {[%emt 0:00:04]} Nc6 {[%emt 0:00:00]} 3. Bb5 {[%emt 0:00:19]} g6 {[%emt 0:00:16]} 4. Bxc6 {[%emt 0:00:20]} dxc6 {[%emt 0:00:06]} 5. h3 {[%emt 0:00:07]} Bg7 {[%emt 0:00:06]} 6. d3 {[%emt 0:00:14]} Nf6 {[%emt 0:00:00]} 7. Nc3 Nd7 {[%emt 0:00:00]} 8. Be3 {[%emt 0:03:28]} e5 {[%emt 0:00:16]} 9. Qd2 Qe7 10. Bh6 {[%emt 0:02:32]} Bxh6 {[%emt 0:01:54]} 11. Qxh6 {[%emt 0:02:30]} f6 {[%emt 0:08:02]} 12. Nh2 {[%emt 0:02:14]} Nb6 {[%emt 0:02:23]} 13. a4 {[%emt 0:01:21]} Be6 {[%emt 0:01:06]} 14. O-O {[%emt 0:03:24]} O-O-O {[%emt 0:02:20]} 15. Qe3 {[%emt 0:03:34]} g5 {[%emt 0:04:19]} 16. Rfb1 {[%emt 0:01:11]} Kb8 {[%emt 0:00:04]} 17. a5 {[%emt 0:08:39]} Nd7 {[%emt 0:02:16]} 18. Na4 {[%emt 0:01:07]} h5 {[%emt 0:06:07]} 19. Ra3 {[%emt 0:01:20]} g4 {[%emt 0:03:16]} 20. h4 {[%emt 0:03:07]} c4 {[%emt 0:05:00]} 21. Nf1 {[%emt 0:02:16]} f5 {[%emt 0:01:22]} 22. exf5 {[%emt 0:09:17]} Bxf5 23. b4 {[%emt 0:01:08]} cxd3 {[%emt 0:04:27]} 24. cxd3 {[%emt 0:02:16]} a6 {[%emt 0:04:27]} 25. Ng3 {[%emt 0:04:06]} Bg6 {[%emt 0:01:52]} 26. Nc5 {[%emt 0:09:02]} Rhe8 {[%emt 0:02:24]} 27. Nge4 {[%emt 0:03:32]} Bxe4 {[%emt 0:06:48]} 28. Nxe4 Nf6 {[%emt 0:00:13]} 29. Nxf6 {[%emt 0:06:22]} Qxf6 {[%emt 0:06:59]} 30. Rc3 {[%emt 0:02:10]} Rd4 {[%emt 0:02:47]} 31. Rc4 {[%emt 0:03:03]} Red8 {[%emt 0:07:48]} 32. Re1 {[%emt 0:00:30]} R4d5 {[%emt 0:02:29]} 33. Qg3 {[%emt 0:01:13]} Ka8 34. Re3 {[%emt 0:01:39]} Qd6 {[%emt 0:03:05]} 35. Rce4 c5 {[%emt 0:04:05]} 36. bxc5 {[%emt 0:04:01]} Qxc5 {[%emt 0:00:15]} 37. Rxe5 {[%emt 0:02:11]} Qxa5 {[%emt 0:03:46]} 38. Kh2 Qc7 39. Rxd5 {[%emt 0:04:40]} Qxg3+ {[%emt 0:00:41]} 40. Kxg3 {[%emt 0:00:02]} Rxd5 {[%emt 0:00:08]} 41. Kf4 {[%emt 0:00:06]} b5 42. Re5 {[%emt 0:05:13]} Rxd3 {[%emt 0:04:54]} 43. Rxh5 b4 44. Ra5 {[%emt 0:02:08]} Kb7 {[%emt 0:00:05]} 45. Ra4 Rd4+ {[%emt 0:03:17]} 46. Ke5 {[%emt 0:01:03]} Rc4 {[%emt 0:00:04]} 47. Kd5 {[%emt 0:04:26]} Rf4 {[%emt 0:00:07]} 48. Ke5 {[%emt 0:02:39]} Rc4 49. Kd5 {[%emt 0:01:35]} Rf4 {[%emt 0:00:37]} 50. Ke5 1/2-1/2